000
00326nam a2200133Ia 4500
008
191201s2011 xx 000 0 und d
100
_a
KAPOOR, Premvir
245
0
_a
Counselling and Negotiation Skills For Managers
250
_a
1st
260
_a
N. Delhi
_b
Biztantra
_c
2011
300
_a
254
650
_a
BBA
942
_2
ddc
_c
BK
999
_c
115
_d
115